Vista normal Vista MARC

Entrada Genre/Form Term

Número de registros utilizados en: 1

001 - CONTROL NUMBER

  • control field: 63324

003 - CONTROL NUMBER IDENTIFIER

  • control field: OSt

005 - DATE AND TIME OF LATEST TRANSACTION

  • control field: 20250822223842.0

008 - FIXED-LENGTH DATA ELEMENTS

  • fixed length control field: 250822|| aca||aabn | a|a d

040 ## - CATALOGING SOURCE

  • Original cataloging agency: OSt
  • Transcribing agency: OSt

155 ## - HEADING--GENRE/FORM TERM

  • Genre/form term: Estudio de casos

670 ## - SOURCE DATA FOUND

  • Source citation: Work cat.: (OSt)58486: Equipo Verdad Abierta 63318, Víctimas pero no por siempre /









Instituto Departamental de Cultura del Meta - Red Departamental de Bibliotecas Públicas del Meta.